000 00223 a2200097 4500
001 18181
100 _aDe Uois, N J
245 _aAdhesives for metals theo & technology
260 _a
_bIndus Press
_c
090 _c13475
_d13475
942 _aNUST-CAE
_cM
_c3864
999 _c253254
_d253254